000 00481nam a2200169Ia 4500
999 _c25631
_d25631
003 OSt
005 20211116143148.0
008 190216s9999||||xx |||||||||||||| ||und||
040 _coclc
082 _a894.8121
_bNAI/K
100 _aNair, K Ramachandran
_92464
245 0 _aKaviyarangu /
_cK Ramachandran Nair
260 _bCurrent Books,
_c1967.
_aThrissur:
300 _a44p
650 _aKavithkal
942 _cBK
_2ddc
_h894.8121
_iNAI/K
_k894.8121
_mNAI/K